000 02252nkm0a2200433 4500
001 RU\NLR\BIBL_A\022196670
005 20260204000000.0
035 _a(NLR Aleph) 022196670
090 _a13517118
_c13517118
100 _a20240412d1928 u y0rusy50 ca
101 0 _arus
102 _aRU
116 _aiiycxx bk zz
135 _acrcn 024anaba
181 0 _ab4
_bxb2e
182 0 _an
200 1 _aИз книг Н. К[удрявцевой
_eэкслибрис]
203 _aИзображение
_bнеподвижное
_bдвухмерное
_bвизуальное
_cнепосредственное
210 _a[Б. м.
_d1928]
215 _a1 л.
_cцинкогр.
_d6,7х5 ; 6,8х5,1
316 _aЭкз. РНБ на шифре Э ЛерЭксК889/К889, Экс2079: из собрания М. Я. Лермана. На листе и паспарту рукоп. записи карандашом - источник сведений о владельце, художнике и дате создания
_5NLR: Э ЛерЭксК889/К889
325 _aКопия доступна в Электрон. б-ке РНБ
327 0 _aМужчина, несущий на коромысле две корзины, из которых выглядывают змеи
606 1 _aЭкслибрисы русские советские
_92426808
_3RU\NLR\AUTH\661444779
686 1 _aЩ153(2Р=Рус)7-487
700 1 _aКудрявцев
_bО. В.
_gОлег Всеволодович
_4150
702 1 _aКудрявцева
_bН. А.
_gНаталья Александровна
_4280
702 1 _4390
_7ca
_8rus
_aЛерман
_bМ. Я.
_f1884-1942
_gМихаил Яковлевич
_9253728
_3RU\NLR\AUTH\770253784
852 0 0 _aNLR
_bЭ
_jЛерЭксК889/К889
_mЭкс2079
856 0 _uhttps://vivaldi.nlr.ru/lp500006613/view
856 1 _uhttps://vivaldi.nlr.ru/lp500006613/cover
856 2 _uhttps://vivaldi.nlr.ru/lp500006613/text
942 _cVISUAL
980 _aNB
981 1 7 _a(17) Изографические материалы
_b(17) Экслибрисы